[Event "GER-ch U25-A"]
[Site "Willingen"]
[Date "2019.06.10"]
[Round "3"]
[White "Kamp, Adrian"]
[Black "Bosselmann, Tom Linus"]
[Result "1/2-1/2"]
[WhiteElo "1865"]
[BlackElo "1963"]
[PlyCount "71"]
[EventDate "2019.06.08"]
[EventType "swiss"]
[EventRounds "9"]
[EventCountry "GER"]
[SourceTitle "CBM 191 Extra"]
[Source "ChessBase"]
[SourceDate "2019.09.30"]
[SourceVersion "1"]
[SourceVersionDate "2019.09.30"]
[SourceQuality "1"]

1. e4 Nf6 2. e5 Nd5 3. d4 d6 4. c4 Nb6 5. exd6 cxd6 6. Be3 g6 7. Qd2 Nc6 8. Bh6 Bf5 9. Bxf8 Rxf8 10. Nc3 Qd7 11. Nf3 Qe6+ 12. Qe3 Nb4 13. Qxe6 Bxe6 14. d5 Bf5 15. Nd4 Nc2+ 16. Nxc2 Bxc2 17. Rc1 Bf5 18. Nb5 Kd7 19. Be2 Rfc8 20. 0-0 g5 21. Nd4 e6 22. Nxf5 exf5 23. Bd3 Ke7 24. f4 g4 25. Bxf5 Rxc4 26. Rxc4 Nxc4 27. Bxg4 Kf6 28. Rc1 Nxb2 29. Rc7 Nd3 30. g3 Nxf4 31. gxf4 Rg8 32. Kf2 Rxg4 33. Kf3 Rh4 34. Kg3 Rh5 35. Rxb7 Rxd5 36. Rxa7 1/2-1/2

[Event "Muensterland Regionalliga 1819"]
[Site "Germany"]
[Date "2019.05.11"]
[Round "9.7"]
[White "Kamp, Adrian"]
[Black "Burike, Christian"]
[Result "1-0"]
[WhiteElo "1853"]
[BlackElo "1677"]
[PlyCount "55"]
[EventDate "2018.09.08"]
[EventType "team-tourn"]
[EventRounds "9"]
[EventCountry "GER"]
[SourceTitle "EXT 2020"]
[Source "ChessBase"]
[SourceDate "2019.10.17"]
[SourceVersion "1"]
[SourceVersionDate "2019.10.17"]
[SourceQuality "1"]
[WhiteTeam "Muenster III"]
[BlackTeam "Bocholt"]
[WhiteTeamCountry "GER"]
[BlackTeamCountry "GER"]

1. e4 e6 2. d4 d5 3. Nd2 c5 4. exd5 exd5 5. Ngf3 Nc6 6. Bb5 a6 7. Bxc6+ bxc6 8. 0-0 Bd6 9. dxc5 Bxc5 10. Nb3 Bd6 11. c4 Ne7 12. cxd5 cxd5 13. Nfd4 0-0 14. Qf3 Bb7 15. Bf4 Rc8 16. Rac1 Qd7 17. Bxd6 Qxd6 18. Qd3 Ng6 19. Nf5 Qb6 20. Nbd4 Rfd8 21. h4 Qf6 22. Qg3 Ne7 23. Nxe7+ Qxe7 24. Rxc8 Rxc8 25. Nf5 Qf8 26. Re1 Kh8 27. Nd6 Rb8 28. Nxf7+ 1-0

[Event "Muensterland Regionalliga 1819"]
[Site "Germany"]
[Date "2019.01.12"]
[Round "5.8"]
[White "Kamp, Adrian"]
[Black "Horstmann, Michael1"]
[Result "1/2-1/2"]
[WhiteElo "1853"]
[BlackElo "1670"]
[PlyCount "115"]
[EventDate "2018.09.08"]
[EventType "team-tourn"]
[EventRounds "9"]
[EventCountry "GER"]
[SourceTitle "EXT 2020"]
[Source "ChessBase"]
[SourceDate "2019.10.17"]
[SourceVersion "1"]
[SourceVersionDate "2019.10.17"]
[SourceQuality "1"]
[WhiteTeam "Muenster III"]
[BlackTeam "Rheine Klein Berlin"]
[WhiteTeamCountry "GER"]
[BlackTeamCountry "GER"]

1. e4 d5 2. exd5 Qxd5 3. Nc3 Qa5 4. d4 Nf6 5. Nf3 Bf5 6. Bd3 Bxd3 7. Qxd3 c6 8. 0-0 e6 9. Bf4 Be7 10. a3 0-0 11. b4 Qd8 12. Rad1 Nbd7 13. Rfe1 Nd5 14. Bg3 Nxc3 15. Qxc3 Nf6 16. Qb3 Rc8 17. Ne5 Nh5 18. c4 Nxg3 19. hxg3 Qc7 20. Rc1 Bf6 21. Qb2 Rcd8 22. Qa1 Qb6 23. Red1 Bxe5 24. dxe5 Rxd1+ 25. Rxd1 a5 26. Qd4 Qa6 27. Qc5 axb4 28. axb4 Qa4 29. Rd7 Qa1+ 30. Kh2 Qc1 31. Qe7 g6 32. Rxb7 Qxc4 33. f4 Qe2 34. Qd7 g5 35. Rc7 gxf4 36. gxf4 Qe4 37. Qxc6 Qxf4+ 38. Kh1 Qxb4 39. Qc1 Qh4+ 40. Kg1 Qd4+ 41. Kh1 Qxe5 42. Rc5 Qf6 43. Qc4 Rd8 44. Rc8 Rxc8 45. Qxc8+ Kg7 46. Kg1 h5 47. Qc5 e5 48. g3 Qf5 49. Kg2 Qg5 50. Kh3 Qg4+ 51. Kh2 f6 52. Qe7+ Kg6 53. Qe8+ Kf5 54. Qf7 e4 55. Qd5+ Kg6 56. Qg8+ Kh6 57. Qh8+ Kg5 58. Qg8+ 1/2-1/2